| 000 | 00462nam a2200145 4500 | ||
|---|---|---|---|
| 999 |
_c15603 _d15603 |
||
| 008 | 180714b ||||| |||| 00| 0 eng d | ||
| 022 | _a2094-8042 | ||
| 082 | _aDPer 370.105 M72 June 2010-Mar 2011 v. 59 n. 1-10 | ||
| 100 |
_928842 _aGarcia, Myrna SD. |
||
| 245 |
_aBe yourself/ _cMyrna SD. Garcia. |
||
| 260 |
_aPhilippines; _bIn The Grade School, _cc2010-2011. |
||
| 300 |
_av59 n8, page 317; _c27cm. |
||
| 650 | 0 |
_933876 _aSelf-consciousness. |
|
| 942 |
_2ddc _cPER |
||